000
00264nam a2200109Ia 4500
008
190216s9999||||xx |||||||||||||| ||und||
100
_a
Kaur H
245
0
_a
India Under British 1885 Ad To 1947
260
_b
Oriental Watchman Pub
650
_a
History
942
_c
BK
999
_c
20361
_d
20361